| 000 | 00542nam a22001937a 4500 | ||
|---|---|---|---|
| 003 | JO-AjAnu | ||
| 005 | 20241022142206.0 | ||
| 008 | 241022b jo ||||| |||| 00| 0 ara d | ||
| 020 | _a7-759-77-8795-978 | ||
| 040 | _cJO-AjAnu | ||
| 041 | _hENG | ||
| 100 |
_aTalagala, Nisha _eAuthor _966439 |
||
| 245 |
_aThe Fundamentals of Atrifical Intelligence, Volume 1 _c / Nisha Talagala |
||
| 260 |
_bAiclub _c |
||
| 300 | _apages: 280 | ||
| 650 | _vAtrifical Intelligence | ||
| 700 |
_aSindhu Ghanta _966440 _eJoint Author |
||
| 942 |
_2lcc _cBK _n0 |
||
| 999 |
_c33841 _d33841 |
||